000 01208nam a2200325 i 4500
003 CSPC
005 20260225140057.0
008 260225c2020 ph r p i 00 0 eng d
022 _a1908-3297
022 _a2508-0830
040 _aCSPC
_beng
_cCSPC
_erda
245 0 0 _aNontariff measures in the Philippines :
_ba preliminary analysis using incidence indicators.
264 1 _aQuezon, City :
_bPhilippine Institute for Development Studies,
_c2020.
300 _avolumes :
_billustrations ;
_c23 cm.
336 _2rdacontent
_atext
337 _2rdamedia
_aunmediated
338 _2rdacarrier
_avolumes
362 _aNumber 3
490 1 _aResearch paper series no. 2020-03.
504 _aIncludes bibliographical references
650 4 _aNon-tariff trade barriers
_xPeriodicals.
650 4 _aInternational trade
_xPeriodicals.
650 4 _aTrade regulation
_xPeriodicals.
650 4 _aImports
_xPeriodicals.
655 _aPeriodicals.
700 1 _aQuimba, Francis Mark A.,
_eeditor.
700 1 _aCalizo, Sylwyn C. Jr.,
_eeditor.
942 _2ddc
_n0
_cSERIALS
_h382.309599
_iN733
_kSER
_m2020
999 _c31906
_d31906